| 000 | 00430nam a22001697a 4500 | ||
|---|---|---|---|
| 003 | NUST - PNEC | ||
| 005 | 20170116181101.0 | ||
| 008 | 151002b xxu||||| |||| 00| 0 eng d | ||
| 020 | _a133297306 | ||
| 040 | _cLIBRARY | ||
| 082 | _a621.381956 JAM | ||
| 100 |
_912403 _aJames, Edward |
||
| 245 |
_aA fortran programming course _cEdward James |
||
| 260 | _cc.1970 | ||
| 650 |
_912404 _aProgramming course _xMIS |
||
| 942 |
_2ddc _cBK |
||
| 999 |
_c68775 _d68775 |
||